000 01452nam a2200337 i 4500
001 14995
003 ES-MaACL
005 20240603181314.0
007 t|
008 991124s1999 sp ||||1| spa d
020 _a84-921880-1-4
080 _a821.134.2 Champourcin, Ernestina de 1.06
080 _a821.134.2 Chacel, Rosa 1.06
080 _a821.134.2 Zardoya, Concha 1.06
245 0 0 _aEscritoras del exilio.
260 _aMadrid :
_bFundación Españoles en el Mundo,
_c1999.
300 _a32 p. :
_bil. ;
_c27 cm.
490 1 _aCuadernos de la Fundación Españoles en el Mundo ;
_v20
505 8 _aContiene: Ernestina de Champourcin: poesía y trascendencia / por Acacia Uceta Mallo . Rosa Chacel: una mujer progresista / por María Peñarrubia Pérez . Concha Zardoya: creación literaria / por Acacia Domínguez
600 1 4 _aChampourcin, Ernestina de,
_d1905-1999-
_xCrítica e interpretación
_937934
600 1 4 _aChacel, Rosa,
_d1898-1994-
_937752
_xCrítica e interpretación
600 1 4 _aZardoya, Concha,
_d1914-2004-
_vCrítica e interpretación
_9118072
700 1 _aUceta, Acacia,
_d1925-2002
_9111853
700 1 _aPeñarrubia Pérez, María.
_990319
700 1 _aDomínguez, Acacia.
_945151
710 2 _aFundación Españoles en el Mundo.
_94290
830 1 _aCuadernos de la Fundación Españoles en el Mundo ;
_v20
_9179150
852 4 _aES-MaACL
_jL-22117
942 _2udc
999 _c14995
_d14995